LEADER 01554nam a2200349 a 4500 001 000000125137 003 CaOOAMICUS 005 20110428121438.0 008 110428s2010 it d u000 u ita r 020 $a978-88-343-1952-9 040 $aPUL$bita 082 04$a303.483 245 00$aAbitanti della rete :$bgiovani, relazioni e affetti nell'epoca digitale /$ca cura di Chiara Giaccardi. 260 $aMilano :$bVita e pensiero,$c©2010. 300 $aIX, 198 p. :$bgrafici ;$c22 cm 490 1 $aMedia, spettacolo e processi culturali. Ricerche 490 1 $aVita e pensiero universitą 504 $aBibliografia in nota. 650 4$aInternet (Psicologia).$0(OLS)http://pul/subject/34296 700 1 $aGiaccardi, Chiara.$0(OLS)http://pul/name/43442 830 0$aUniversitą (Vita e Pensiero).$0(OLS)http://pul/title/154439 830 0$aMedia spettacolo processi culturali.$pRicerche.$0(OLS)http://pul/title/155558 850 $aPUL 852 $aPUL$W1$xSL Diritto e Scienze Sociali 3$y79$m303. 483 GIACH 1$j144060$qDDC 21$q $B143116$CPULBib$Z2$F143116 $H116749 $81 941 1 $a9 983 0$aVita e pensiero.$pUniversitą. 983 0$aV & P. Universitą. 996 $6020$a978-88-343-1952-9$9(OLS)http://pul/number/146993 996 $6082$a303.483$9(OLS)http://pul/classification/1688 996 $6245$aAbitanti della rete :$bgiovani, relazioni e affetti nell'epoca digitale$9(OLS)http://pul/title/157759 996 $6260$aMilano :$bVita e pensiero$9(OLS)http://pul/publisher/48016 LEADER 01192nam a2200265 a 4500 001 000000157812 003 CaOOAMICUS 005 20170112101327.0 008 170112s1935 gw m 001 u ger r 032 $aLibriCat 040 $aPUL$bita 100 1 $aSchwertschlager, Rudolf.$0(OLS)http://pul/name/100734 245 14$aDer erste Johannesbrief in seinem Grundgedanken und Aufbau /$cRudolf Schwertschlager. 260 $aCoburg :$bTageblatt-Haus,$c1935. 300 $a49 p. ;$c25 cm. 502 $aEstratto da tesi -- Pontificia Universitas Gregoriana. Facultas theologica. 1935. 504 $aBibliografia in nota. 630 04$aBiblia.$pN.T.$pIohannis epistolae$xCritica e interpretazione.$0(OLS)http://pul/subject/36387 710 2 $aPontificia Universitą Gregoriana.$bFacoltą di teologia.$kTesi.$0(OLS)http://pul/name/81592 850 $aPUL 852 $aPUL$W1$xDP1 Tesi Pon. Univ. Gregoriana$y40$mTH PUG 11$j181145$qTesi$B184277$CPULBib$Z2$F184277 $82 941 1 $a16 996 $6245$aDer erste Johannesbrief in seinem Grundgedanken und Aufbau$9(OLS)http://pul/title/197406 996 $6260$aCoburg :$bTageblatt-Haus$9(OLS)http://pul/publisher/85852